Understanding ethical behaviour towards better institutional functioning in the armed forces (Record no. 513192)

000 -LEADER
fixed length control field 00445nam a2200133 4500
008 - FIXED-LENGTH DATA ELEMENTS--GENERAL INFORMATION
fixed length control field 200129b ||||| |||| 00| 0 eng d
100 ## - MAIN ENTRY--PERSONAL NAME
Personal name Banerjee, Ankush
245 ## - TITLE STATEMENT
Title Understanding ethical behaviour towards better institutional functioning in the armed forces
260 ## - PUBLICATION, DISTRIBUTION, ETC. (IMPRINT)
Name of publisher, distributor, etc Journal of Defence Studies
300 ## - PHYSICAL DESCRIPTION
Extent 13(4), Oct-Dec, 2019: p.29-50.
773 ## - HOST ITEM ENTRY
Main entry heading Journal of Defence Studies
906 ## - LOCAL DATA ELEMENT F, LDF (RLIN)
Subject DIP Armed forces
942 ## - ADDED ENTRY ELEMENTS (KOHA)
Source of classification or shelving scheme
Item type Articles
Holdings
Withdrawn status Lost status Source of classification or shelving scheme Damaged status Not for loan Permanent location Current location Date acquired Serial Enumeration / chronology Barcode Date last seen Koha item type
          Indian Institute of Public Administration Indian Institute of Public Administration 2020-01-29 13(4), Oct-Dec, 2019: p.29-50. AR122434 2020-01-29 Articles

Powered by Koha